00534nam a2200169Ia 4500003000900000008004100009020001800050040001600068080001600084110002800100245012000128250001300248260004400261300001100305650002900316650001900345IN-BaIIA211028s9999 xx 000 0 eng d a0-85229-413-1 cIIA Library a031bEBR-15 aEncyclopedia Britannica 4aThe New Encyclopaedia Britannica in 30 volumes : Macropaediabvol. 15, Knowledge in Dept.hcEncyclopedia Britannica a15th ed. aChicagobEncyclopaedia Britannicac1984 a1183p. aEncyclopedia-Macropaedia aNASA Thesaurus